[Event "FIDE Chesscom Grand Swiss 2021"]
[Site "Riga"]
[Date "2021.10.30"]
[Round "4.29"]
[White "Jobava, Baadur"]
[Black "Grandelius, Nils"]
[Result "0-1"]
[WhiteElo "2582"]
[BlackElo "2662"]
[Annotator "TA"]
[PlyCount "67"]
[EventDate "2021.10.27"]
[EventType "swiss"]
[EventCountry "LAT"]
[Tiebreak "Cut1 Buchholz+Sonneborn-Berger (Swiss)"]
[SourceTitle "playchess.com"]
[Source "ChessBase"]
[SourceQuality "1"]

{[%evp 11,67,0,57,-8,-10,-47,0,0,0,-118,-126,-174,-175,-199,-185,-194,-175,
-178,-191,-190,-156,-158,-152,-277,-170,-171,-162,-183,-147,-220,-144,-145,
-145,-151,-151,-124,-145,-145,-72,-155,-61,-74,-77,-75,-60,-121,-45,-42,-22,
-206,-208,-208,-213,-197,-206,-529,-519,-450]} 1. e4 e5 2. Nf3 Nc6 3. d4 exd4
4. Nxd4 Bc5 5. Nb3 Bb6 6. Nc3 Qf6 (6... Nf6 $11) 7. f4 {C45: Scotch Game.} (7.
Qe2 $14) 7... Nge7 $11 8. Bd2 {[#]} (8. Na4 {is more complex.} Qe6 9. Bd3 d5
10. e5 Nb4 11. Bb5+) 8... d5 $146 ({Predecessor:} 8... d6 9. Na4 O-O 10. Be2
Bd7 11. Nxb6 axb6 12. c3 Qg6 13. Bf3 f5 14. exf5 Nxf5 15. O-O Kh8 16. Qe2 Rae8
17. Qd3 Nh4 18. Qxg6 Nxg6 19. g3 Bf5 20. Rfe1 Bd3 21. Rxe8 Rxe8 {1/2-1/2 (21)
Trevis,R (1107)-Albesa,A (986) LSS email 2008}) 9. exd5 {The position is equal.
} Nb4 {White must now prevent ...Bf5.} 10. Bb5+ (10. a3 $11 {remains equal.}
Nbxd5 11. Qf3 Qe6+ 12. Be2) 10... c6 $17 11. dxc6 (11. Ne4 $2 Qg6 $19) 11...
bxc6 12. Bd3 Nxd3+ 13. cxd3 Qh4+ $1 14. g3 Qh3 {[%mdl 1024] ...Bg4 is the
strong threat. Black has strong compensation.} 15. Qe2 Bg4 $1 {[%cal Rg4e2]}
16. Qf1 Qh5 17. Na4 (17. h3 $17 {keeps fighting.} Bf3 18. Rh2) 17... O-O 18.
Nxb6 axb6 19. Qf2 Bh3 20. Bc3 (20. Qe2 $17 {is a better defense.} Qd5 21. Qe4)
20... Qd5 21. Rg1 Nf5 22. g4 Rfe8+ 23. Kd2 {[#]} Rad8 $1 24. Rae1 {Hoping for
Rxe8+.} ({Wrong is} 24. gxf5 $2 Qxd3+ 25. Kc1 Re2 $19) 24... Qxd3+ 25. Kc1 {[#]
} Rxe1+ (25... Bxg4 $1 $17 {[%mdl 512] aiming for ...Re2.} 26. Nd4 (26. Rxg4 $2
Rxe1+ 27. Qxe1 Ne3 $19) (26. Qd2 Qh3) 26... Rc8 $1 27. Rxe8+ Rxe8) 26. Rxe1 $15
Bxg4 27. Qxb6 h5 {Strongly threatening ...Bd1.} 28. Qf2 (28. Nc5 $1 $15 Qd6 29.
Ne4 Qxf4+ 30. Bd2) 28... Ra8 ({Black should play} 28... Qb5 $17 29. Qg2 Qa4)
29. a3 Qc4 30. Nd4 {[#] White does not recover from this.} (30. Nd2 $11 {
and White has nothing to worry.} Qb5 31. Ne4) 30... Rd8 $1 $40 {[%cal Rf5d4]
[%mdl 128] Black has strong attack.} 31. Nxf5 Bxf5 32. Rd1 Rd3 33. Rd2 $2 (33.
Rxd3 Qxd3 34. a4) 33... Rxc3+ 34. bxc3 {Weighted Error Value: White=0.38/
Black=0.17} 0-1

[Event "FIDE Chesscom Grand Swiss 2021"]
[Site "Riga"]
[Date "2021.10.30"]
[Round "4.30"]
[White "Volokitin, Andrei"]
[Black "Yakubboev, Nodirbek"]
[Result "1/2-1/2"]
[WhiteElo "2652"]
[BlackElo "2621"]
[Annotator "TA"]
[PlyCount "102"]
[EventDate "2021.10.27"]
[EventType "swiss"]
[EventCountry "LAT"]
[Tiebreak "Cut1 Buchholz+Sonneborn-Berger (Swiss)"]
[SourceTitle "playchess.com"]
[Source "ChessBase"]
[SourceQuality "1"]

{[%evp 28,102,35,35,25,30,14,13,14,13,8,0,43,0,0,0,0,0,18,0,14,0,0,0,0,0,0,0,0,
0,0,0,0,0,0,0,0,0,0,0,0,0,0,-45,-54,-64,-37,-37,-37,-39,-36,-39,-24,-33,-36,
-38,-43,-43,-41,-40,-36,-37,-36,-31,-32,-35,-27,-29,0,0,0,0,4,0,0,0,0]} 1. e4
e5 2. Nf3 Nc6 3. Bc4 Nf6 4. d3 Bc5 5. O-O d6 6. c3 a6 7. a4 Ba7 8. Re1 h6 9.
Nbd2 O-O 10. h3 Ne7 11. Bb3 Ng6 12. d4 Re8 13. Bc2 b5 14. Nf1 Bb7 15. Ng3 Bb6 {
[#] C54: Giuoco Piano: 4 c3 Nf6, main lines with 5 d4 and 5 d3.} 16. a5 $146 ({
Predecessor:} 16. Bd3 d5 17. axb5 dxe4 18. Nxe4 Nxe4 19. Bxe4 Bxe4 20. Rxe4
axb5 21. Rxa8 Qxa8 22. Qe2 Qd5 23. g4 {0-1 (45) Petrosian,T (2615)-Naroditsky,
D (2626) Saint Louis 2017}) 16... Ba7 17. Bd2 c5 {[%cal Re5d4]} 18. dxe5 dxe5
19. c4 bxc4 20. Bc3 Bc6 21. Nf5 Bb5 22. g3 Qc7 23. Qd6 Qxd6 24. Nxd6 Re6 25.
Rad1 Bb8 26. Nf5 {[%cal Bd6f5,Bf5e3,Be3d5][%mdl 32]} ({Reject} 26. Nxb5 axb5
27. Rd8+ Re8 $17) 26... Bc7 27. Ne3 Rc8 28. Nd5 Nd7 29. Nd2 Ne7 30. b3 cxb3 31.
Bxb3 Nxd5 32. exd5 Ree8 33. Nc4 e4 34. d6 Bb8 35. f3 exf3 36. Kf2 Bc6 37. Re7
Rxe7 $1 38. dxe7 {[#] Strongly threatening Nd6.} Re8 39. Re1 h5 40. h4 Nf6 41.
Bxf6 gxf6 42. Bd1 Bd7 43. Bxf3 Be6 44. Bb7 Rxe7 ({But not} 44... Bxc4 $6 45.
Bc6 $16) 45. Bxa6 Ra7 46. Bb5 Rb7 47. Na3 c4 48. Bxc4 {The position is equal.}
Ra7 49. Bxe6 Rxa5 50. Nc4 Ra2+ 51. Kf3 {[#] Threatens to win with Bd5.} fxe6 {
Weighted Error Value: White=0.03/Black=0.04} 1/2-1/2

[Event "FIDE Chesscom Grand Swiss 2021"]
[Site "Riga"]
[Date "2021.10.30"]
[Round "4.31"]
[White "Sarana, Alexey"]
[Black "Pichot, Alan"]
[Result "1-0"]
[WhiteElo "2649"]
[BlackElo "2628"]
[Annotator "TA"]
[PlyCount "83"]
[EventDate "2021.10.27"]
[EventType "swiss"]
[EventCountry "LAT"]
[Tiebreak "Cut1 Buchholz+Sonneborn-Berger (Swiss)"]
[SourceTitle "playchess.com"]
[Source "ChessBase"]
[SourceQuality "1"]

{[%evp 14,83,23,27,33,13,15,7,14,11,25,11,31,36,33,39,30,29,50,37,39,41,40,39,
30,40,62,66,121,121,117,123,119,126,167,171,175,177,173,173,173,180,200,143,
240,213,255,255,314,317,276,203,269,265,279,278,312,304,306,305,306,295,329,
369,378,365,420,424,603,595,534,499]} 1. d4 Nf6 2. c4 e6 3. Nf3 d5 4. Nc3 Bb4
5. Bg5 h6 6. Bxf6 Qxf6 7. Qa4+ Nc6 8. e3 O-O {D38: Queen's Gambit Declined:
Ragozin Defence (4 Nf3 Bb4).} 9. Rc1 Rd8 10. Be2 dxc4 {The position is equal.}
11. Qb5 Bd6 12. Qxc4 Qe7 {[#]} 13. O-O $146 ({Predecessor:} 13. a3 e5 14. d5
Nb8 15. Nd2 Nd7 16. O-O a6 17. Nde4 Nf8 18. Nxd6 cxd6 19. Qb4 {1-0 (91) Yilmaz,
M (2607)-Riazantsev,A (2639) Moscow 2020}) 13... e5 14. d5 Nb8 15. Nb5 {
[%cal Rb5c7]} Nd7 16. Nxc7 Nb6 17. Qc2 Bxc7 18. Qxc7 Qxc7 19. Rxc7 Nxd5 {[#]}
20. Rd1 $1 Bg4 {White stays focused until the end.} (20... e4 $14) 21. Rxb7 $16
e4 {[#]} 22. Nd4 Bxe2 23. Nxe2 Nf4 {[%cal Rd8d1]} 24. Rxd8+ Rxd8 $18 {[%cal
Rd8d1][%mdl 4096] Endgame KRN-KRN} 25. Nc3 Ne2+ 26. Kf1 Nxc3 27. bxc3 {KR-KR}
Rd3 28. Rc7 Rd2 (28... a5 $16) 29. a4 Rc2 30. g4 g5 31. Rxa7 Rxc3 32. Rd7 Rc5
33. Rd4 Re5 34. Rb4 Kg7 35. Rb5 Re6 36. a5 {[%cal Ba4a5,Ba5a6][%mdl 32]} Rc6
37. Ke1 Rc2 38. Rf5 Kg6 39. Kd1 Rc6 40. Rb5 {Threatens to win with Rb6.} Rc4 (
40... f6 $142 41. Rb6 Rc3) 41. a6 Ra4 42. Rb6+ {Weighted Error Value: White=0.
06/Black=0.25} 1-0

[Event "FIDE Chesscom Grand Swiss 2021"]
[Site "Riga"]
[Date "2021.10.30"]
[Round "4.32"]
[White "Zvjaginsev, Vadim"]
[Black "Abdusattorov, Nodirbek"]
[Result "0-1"]
[WhiteElo "2609"]
[BlackElo "2646"]
[Annotator "TA"]
[PlyCount "76"]
[EventDate "2021.10.27"]
[EventType "swiss"]
[EventCountry "LAT"]
[Tiebreak "Cut1 Buchholz+Sonneborn-Berger (Swiss)"]
[SourceTitle "playchess.com"]
[Source "ChessBase"]
[SourceQuality "1"]

{[%evp 9,76,12,14,0,0,0,40,0,0,-5,-3,8,12,8,8,6,3,1,10,8,0,0,0,0,0,-20,-18,-16,
-31,-29,-21,-19,-18,-22,-27,-34,-36,-45,-17,-20,0,-8,-2,-27,-32,-33,-23,-104,
-100,-163,-136,-150,-72,-102,-82,-76,-60,-153,-132,-147,-136,-197,-187,-192,
-168,-259,-259,-259,-259]} 1. e4 c5 2. Nf3 d6 3. Bb5+ Nd7 4. d4 cxd4 5. Qxd4 a6
6. Be2 {B51: Sicilian: Moscow Variation (3 Bb5+) without 3...Bd7.} Ngf6 7. O-O
g6 8. c4 {White is slightly better.} Bg7 9. h3 O-O 10. Nc3 b6 11. e5 dxe5 12.
Nxe5 Nxe5 13. Qxe5 Bb7 14. Qf4 {[#]} Ne8 $146 ({Predecessor:} 14... e5 15. Qh4
Qd4 16. Qg3 Rab8 17. Be3 Ne4 18. Nxe4 Qxe4 19. Rac1 Qc6 20. c5 b5 {1-0 (34)
Kolek,P (2179)-Storkebaum,K (2285) ICCF email 2017}) 15. Bf3 Bxf3 16. Qxf3 Nd6
17. Rd1 Rc8 18. Nd5 e6 ({Not} 18... Nxc4 $2 19. Bg5 $18) 19. Nc3 {[%cal Bd5c3,
Bc3e4,Be4g3][%mdl 32]} Qe7 20. b3 $1 Nf5 21. Bb2 b5 22. cxb5 axb5 {[%cal Ba6b5,
Bb5b4][%mdl 32]} 23. Rab1 b4 24. Ne4 Rfd8 25. Bxg7 Kxg7 26. Ng3 Nd4 27. Qe4 e5
28. Re1 (28. Ne2 $11 f5 29. Qe3) 28... Rc5 $36 {[%mdl 2048] Black has strong
initiative.} 29. Rbc1 (29. Rec1 $17 {might work better.}) 29... f5 $19 30. Qb1
Rcd5 (30... Rc3 $142 {...Rdc8 is the strong threat.} 31. Ne2 Nxe2+ 32. Rxe2 Qc5
) 31. Ne2 Nb5 32. Qc2 Qd6 33. g3 (33. Qc6 $15) 33... Rd2 $17 34. Qc5 {[#]} Na3
35. Qxd6 (35. Kf1 $17) 35... R8xd6 $19 36. Rc7+ Kh6 37. Kf1 (37. g4 $142) 37...
Rxa2 38. Nc1 {[#]} Rc2 $1 {[%cal Rc2c7] Weighted Error Value: White=0.19/
Black=0.07} 0-1

[Event "FIDE Chesscom Grand Swiss 2021"]
[Site "Riga"]
[Date "2021.10.30"]
[Round "4.33"]
[White "Bluebaum, Matthias"]
[Black "Henriquez Villagra, Cristobal"]
[Result "1/2-1/2"]
[WhiteElo "2640"]
[BlackElo "2608"]
[Annotator "TA"]
[PlyCount "61"]
[EventDate "2021.10.27"]
[EventType "swiss"]
[EventCountry "LAT"]
[Tiebreak "Cut1 Buchholz+Sonneborn-Berger (Swiss)"]
[SourceTitle "playchess.com"]
[Source "ChessBase"]
[SourceQuality "1"]

{[%evp 18,61,0,-3,17,8,9,0,33,29,30,28,39,18,18,18,21,31,22,21,22,0,6,7,7,7,14,
0,0,0,-2,-4,-6,-22,0,0,0,0,0,0,0,0,0,0,0,0]} 1. d4 d5 2. c4 c6 3. Nf3 Nf6 4.
Nc3 e6 5. Qc2 Nbd7 6. e4 dxe4 7. Nxe4 Nxe4 8. Qxe4 Bb4+ 9. Bd2 Bxd2+ 10. Nxd2
Qc7 {D45: Semi-Slav: 5 e3.} 11. Bd3 {[#]} b6 $146 ({Predecessor:} 11... Nf6 12.
Qe3 O-O 13. O-O b6 14. f4 Bb7 15. c5 Rad8 16. Ne4 Nxe4 17. Qxe4 {1/2-1/2 (40)
Leveikina,J (2026)-Nebel,R Recklinghausen 2003}) 12. O-O-O Nf6 13. Qe3 Bb7 14.
c5 Nd5 15. Qg3 Qxg3 16. hxg3 Ke7 17. Ne4 h6 18. Nd6 {The position is equal.}
Rhb8 19. Be2 bxc5 20. dxc5 a5 21. a3 a4 22. Rd2 Ra5 23. Nxb7 Rxb7 24. Rc2 Nf6
25. Bf3 Kd7 26. Rh4 Kc7 27. Rcc4 Rab5 28. Rc2 Ra5 29. Rcc4 Rab5 30. Rc2 Ra5 31.
Rcc4 {Weighted Error Value: White=0.04/Black=0.04} 1/2-1/2

[Event "FIDE Chesscom Grand Swiss 2021"]
[Site "Riga"]
[Date "2021.10.30"]
[Round "4.34"]
[White "Ter-Sahakyan, Samvel"]
[Black "Tabatabaei, M. Amin"]
[Result "0-1"]
[WhiteElo "2607"]
[BlackElo "2639"]
[Annotator "TA"]
[PlyCount "140"]
[EventDate "2021.10.27"]
[EventType "swiss"]
[EventCountry "LAT"]
[Tiebreak "Cut1 Buchholz+Sonneborn-Berger (Swiss)"]
[SourceTitle "playchess.com"]
[Source "ChessBase"]
[SourceQuality "1"]

{[%evp 18,140,20,-16,14,-8,16,0,0,-8,-7,-31,-26,-27,-27,-28,-33,-26,-2,-80,-80,
-73,-84,-72,-79,-127,-120,-127,-113,-129,-151,-137,-137,-137,-137,-131,-122,
-122,-129,-268,-195,-194,-210,-218,-166,-166,-166,-166,-169,-224,-224,-224,
-225,-209,-210,-202,-206,-229,-220,-240,-232,-217,-231,-239,-237,-226,-219,
-236,-235,-236,-236,-231,-184,-200,0,-237,-212,-200,-202,-232,-234,-265,-252,
-262,-268,-260,-254,-302,-272,-269,-262,-253,-193,-308,-308,-321,-225,-244,
-223,-322,-322,-280,-267,-225,-210,-210,-185,-289,-287,-294,-294,-287,0,-281,
-273,-281,-186,-303,-300,-295,-185,-210,-210,-294,-292]} 1. e4 e5 2. Nf3 Nc6 3.
Bb5 Nf6 4. O-O Nxe4 5. d4 Nd6 6. Bxc6 dxc6 7. dxe5 Nf5 8. Qxd8+ Kxd8 9. Nc3 Bd7
10. b3 a5 $5 {[%mdl 4] Exploring less charted territory. C67: Ruy Lopez:
Berlin Defence: 4 0-0 Nxe4.} 11. Bb2 h6 12. h3 Kc8 {The position is equal.} 13.
Rfd1 b6 14. a4 Ne7 15. Rd2 c5 16. Rad1 Be6 17. Ne2 {[#]} g5 $146 ({Predecessor:
} 17... Ng6 18. h4 Be7 19. h5 Nf8 20. Nf4 Bg4 21. Nd5 Bg5 22. Nxg5 hxg5 23. f3
Be6 {1-0 (50) Karthikeyan,M (2606)-Grischuk,A (2777) Chess.com INT 2020}) 18.
h4 (18. Rd8+ $11 {remains equal.} Kb7 19. Rxa8 Kxa8 20. h4) 18... Kb7 $17 19.
hxg5 hxg5 20. Nxg5 Bh6 21. f4 Bxg5 22. fxg5 Rag8 23. Nf4 Rxg5 24. Rd8 Rh4 25.
Rf1 Nf5 26. Rf3 Rgg4 27. Nxe6 fxe6 28. Bc3 (28. Rxf5 $17 {was the only chance.}
exf5 29. e6) 28... Re4 29. Re8 Rh6 30. Rf8 Re2 31. g4 Ne3 {[%csl Ge3][%cal
Re2g2]} 32. Rg3 Rh4 33. g5 (33. Rf2 $142 Rxf2 34. Kxf2 Nd1+ 35. Kg2 Nxc3 {
[%mdl 64] Overworked Piece} 36. Rxc3 Rxg4+ 37. Kf3) 33... Nf5 $19 ({Wrong is} 
33... Nxc2 $2 34. g6 $18) 34. Rg2 {[#]} Rxg2+ 35. Kxg2 {[%mdl 4096] Endgame
KRB-KRN} Rg4+ {[%mdl 64] Double Attack} 36. Kf2 Rxg5 37. Rf6 {[#]} Rh5 $1 {
[%cal Rh5h2]} 38. Ke2 Rh2+ 39. Kd3 Rh3+ 40. Kd2 Ng3 {Hoping for ...Ne4+.} 41.
Rf4 Kc6 42. Bb2 Rh2+ 43. Kd3 Nf5 44. Rf3 Ne7 45. Bc3 Nf5 46. Bb2 Kd7 47. Bc3
Rh4 48. Bb2 Kc6 49. c4 Rh2 50. Bc3 Kd7 51. Rf4 Ke7 52. Rg4 Kf7 53. Rf4 Rh3+ 54.
Kc2 Rg3 55. Rf1 (55. Be1 $142 Re3 56. Bd2) 55... Kg6 {White must now prevent ..
.Ne3+.} 56. Rh1 Kg7 57. Kb2 Rg2+ 58. Ka3 (58. Kb1 $142) 58... Ne3 59. Rh3 Re2
60. Rh4 Kg6 61. Rf4 Nf5 62. Rg4+ (62. Bb2 {was worth a try.}) 62... Kf7 63. Rf4
Ke7 64. Rg4 Kf7 65. Rf4 Ke8 66. Rg4 Kd7 67. Rg5 (67. Rg1 {was the only defense.
}) 67... Ne3 68. Rh5 Rf2 69. Rh7+ Kc6 70. Rh6 Rf3 {Weighted Error Value:
White=0.18/Black=0.14} 0-1

[Event "FIDE Chesscom Grand Swiss 2021"]
[Site "Riga"]
[Date "2021.10.30"]
[Round "4.35"]
[White "Abasov, Nijat"]
[Black "Kuybokarov, Temur"]
[Result "1/2-1/2"]
[WhiteElo "2638"]
[BlackElo "2549"]
[Annotator "TA"]
[PlyCount "68"]
[EventDate "2021.10.27"]
[EventType "swiss"]
[EventCountry "LAT"]
[Tiebreak "Cut1 Buchholz+Sonneborn-Berger (Swiss)"]
[SourceTitle "playchess.com"]
[Source "ChessBase"]
[SourceQuality "1"]

{[%evp 23,68,9,23,12,6,0,-2,-42,-44,-53,-46,-22,0,-99,-100,-103,-106,-84,-78,
-97,-96,-82,-56,-76,-10,-12,-10,-12,-5,-64,0,0,0,0,0,0,0,-5,0,0,0,0,0,0,0,0,0]
} 1. d4 d5 2. c4 dxc4 3. Nf3 Nf6 4. e3 e6 5. Bxc4 c5 6. O-O Nc6 7. Nc3 a6 8.
dxc5 Qxd1 9. Rxd1 Bxc5 10. a3 O-O 11. b4 Be7 12. Be2 b5 13. e4 {[#] D27:
Queen's Gambit Accepted: Classical main line: 7 e4!? and 7 a4.} Rd8 $146 ({
Predecessor:} 13... h6 14. Bf4 Bb7 15. e5 Ne8 16. Rd7 Bc8 17. Rd2 Nc7 18. Be3
f6 19. Rc1 Nxe5 20. Nxe5 fxe5 {1-0 (39) Leoni,C-Ellison,J IECC email 1997}) 14.
Be3 Bb7 15. Bb6 Rxd1+ 16. Rxd1 Rc8 17. Rd3 g6 18. h3 (18. e5 $1 $11 {keeps the
balance.} Nd5 19. Nxd5 exd5 20. h3) 18... Nb8 $1 $17 19. Nd2 Nfd7 $1 {[%cal
Rd7b6]} 20. Bd4 Nc6 {...Nde5 is the strong threat.} 21. f4 Nxd4 22. Rxd4 Nf6 ({
Inferior is} 22... Rxc3 23. Rxd7 Rc2 24. Rxe7 $16) 23. Rd3 Rd8 (23... a5 $1 $17
{[%cal Ra5b4]} 24. e5 (24. bxa5 b4 $17) 24... axb4 25. exf6 Bc5+ 26. Kf1 bxc3
27. Rxc3 b4 28. axb4 Bxb4 29. Rxc8+ Bxc8) 24. Kf2 $11 Rxd3 25. Bxd3 Bd8 26. a4
(26. Nb3 $11) 26... Bb6+ (26... Be7 $1 $15 27. axb5 Bxb4 28. bxa6 Bxa6 $1 29.
Bxa6 Bxc3) 27. Kf3 {The position is equal.} Bd4 28. Ne2 ({Wrong is} 28. axb5 $2
Bxc3 29. bxa6 {[#]} Bxa6 $1 $19 {[%mdl 512]}) 28... Bb2 $1 29. axb5 axb5 30.
Nb3 Ba3 31. Nc5 Ba8 32. Na6 Bb7 33. Nc5 Ba8 34. Na6 Bb7 {Weighted Error Value:
White=0.19/Black=0.10} 1/2-1/2

[Event "FIDE Chesscom Grand Swiss 2021"]
[Site "Riga"]
[Date "2021.10.30"]
[Round "4.36"]
[White "Martirosyan, Haik M."]
[Black "Xiong, Jeffery"]
[Result "0-1"]
[WhiteElo "2624"]
[BlackElo "2700"]
[Annotator "TA"]
[PlyCount "156"]
[EventDate "2021.10.27"]
[EventType "swiss"]
[EventCountry "LAT"]
[Tiebreak "Cut1 Buchholz+Sonneborn-Berger (Swiss)"]
[SourceTitle "playchess.com"]
[Source "ChessBase"]
[SourceQuality "1"]

{[%evp 10,156,8,14,11,0,0,0,0,0,10,8,7,12,14,8,15,0,0,0,14,11,6,2,15,0,0,-41,
-28,-45,-42,-78,-81,-64,-59,-129,-129,-130,-124,-1025,1016,1003,1277,-120,-127,
-125,-130,-122,-126,-126,-103,-126,-126,-141,-127,-141,-131,-141,-141,-153,
-160,-160,-145,-184,-206,-183,-171,-171,-164,-262,-262,-273,-262,-275,-272,
-264,-264,-269,-264,-296,-290,-275,-265,-264,-265,-265,-252,-329,-333,-332,
-319,-329,-296,-289,-289,-289,-289,-289,-161,-289,-289,-289,-281,-335,-362,
-398,-389,-587,-576,-587,-587,-587,-587,-570,-559,-497,-490,-491,-485,-12827,
-3289,-12832,-12833,-12831,-12833,-12836,-12837,-12836,-12837,-12838,-12838,
-12839,-12839,-12839,-12839,-12841,-12841,-12841,-12841,-12842,-12842,-12842,
-12843,-12843,-12843,-12844,-12844,-12845,-12845]} 1. d4 d5 2. c4 c6 3. Nf3 Nf6
4. Nc3 e6 5. Bg5 dxc4 6. a4 c5 {D44: Semi-Slav: Botvinnik System.} 7. e4 cxd4
8. Qxd4 Qxd4 {The position is equal.} 9. Nxd4 {[#]} Bd7 $146 ({Predecessor:} 
9... h6 10. Bd2 Be7 11. Bxc4 O-O 12. e5 Nfd7 13. f4 Na6 14. a5 Rd8 15. Ncb5
Ndb8 {1/2-1/2 (23) Leiner,R (2348)-Petrigin,O (2336) ICCF email 2017}) 10. Ndb5
Bxb5 11. axb5 Nbd7 12. Bxc4 h6 13. Bd2 Bc5 14. Ke2 g5 15. f3 Ke7 16. Bb3 Rhg8
17. Bc2 h5 18. Nd1 h4 19. Ne3 Nh5 20. Nc4 Nf4+ 21. Kf1 Rac8 22. g3 ({White
should play} 22. Rd1 $15) 22... hxg3 $1 $17 23. hxg3 {[#]} Rh8 $1 {[%cal Rh8h1]
} 24. Rh5 {[%mdl 8192]} (24. Rxh8 Rxh8) 24... Rh7 $4 {[%mdl 8192]} 25. Rxh7 $18
Rf8 26. Rh8 $2 Rxh8 $17 {[%cal Rh8h1]} 27. gxf4 {Hoping for Rd1.} Rh1+ 28. Ke2
Rxa1 29. fxg5 Rg1 30. f4 Nb6 31. Ne3 Rg3 32. b3 Nd7 33. b4 Bd4 34. Kf2 Rh3 35.
Ke2 Nb6 36. f5 Nd7 37. Nc4 Ne5 38. Nxe5 Bxe5 $19 {[%mdl 4096] Endgame KRB-KB}
39. Bd3 (39. b6 {keeps fighting.} axb6 40. f6+ Kf8 41. b5) 39... b6 40. Bc4 Bc3
{And now ...Rh2+ would win.} 41. Bf4 e5 ({Don't play} 41... Bxb4 42. fxe6 Rc3
43. Bd3 $19) 42. Be3 Bxb4 43. Bd5 Kf8 44. Bc4 Kg7 45. Bd5 Bc5 46. Bd2 Ra3 47.
Bc6 Rb3 48. f6+ Kg6 49. Bd7 Rg3 50. Bf5+ Kh5 51. Bd7 Rg2+ 52. Kd3 Bf2 53. Bf5
Bd4 (53... Rg1 $142 54. Kc2 Bh4) 54. Bd7 (54. g6 {only move.} Rxg6 55. Bxg6+
Kxg6 56. Ke2) 54... Rg3+ 55. Ke2 Ra3 56. Bc8 Bc3 {Threatens to win with ...Ra2.
} 57. Be3 {[#]} Be1 $1 {[%mdl 512]} 58. Bf5 (58. Bb7 $142) 58... Bh4 {Black is
clearly winning.} 59. g6 fxg6 60. f7 Be7 61. Be6 g5 62. Bc1 Rg3 63. Be3 {
Now Kf2 and White clings on.} g4 64. f8=Q (64. Bd7 $142 Kg6 65. Kf2 Rf3+ {
[%mdl 64] Double Attack} 66. Ke2) 64... Bxf8 65. Bf7+ Kh4 66. Bf2 Bc5 67. Bxg3+
Kxg3 {KB-KB} 68. Be6 Kf4 69. Bd7 g3 70. Bh3 Kxe4 71. Bg2+ Kf4 72. Kd3 a5 73.
bxa6 b5 74. Bh1 Ba7 75. Bc6 b4 76. Bh1 b3 {( -> ...e4+)} 77. Kc3 {[#]} Ke3 $1 {
[%cal Re3f2]} 78. Kxb3 Kd3 {Weighted Error Value: White=0.44/Black=0.05} 0-1

[Event "FIDE Chesscom Grand Swiss 2021"]
[Site "Riga"]
[Date "2021.10.30"]
[Round "4.37"]
[White "Eljanov, Pavel"]
[Black "Antipov, Mikhail Al."]
[Result "1-0"]
[WhiteElo "2691"]
[BlackElo "2619"]
[Annotator "TA"]
[PlyCount "101"]
[EventDate "2021.10.27"]
[EventType "swiss"]
[EventCountry "LAT"]
[Tiebreak "Cut1 Buchholz+Sonneborn-Berger (Swiss)"]
[SourceTitle "playchess.com"]
[Source "ChessBase"]
[SourceQuality "1"]

{[%evp 11,101,4,17,-7,6,4,17,10,29,10,5,2,33,28,26,21,30,6,6,6,16,6,58,58,55,
58,73,73,104,101,101,95,119,112,124,97,120,114,114,97,122,121,146,90,122,55,
120,121,127,85,207,217,217,262,260,243,242,149,150,164,227,224,183,183,297,296,
354,307,355,344,352,362,353,322,368,333,333,333,491,495,478,473,416,402,645,
620,681,687,926,866,2179,2109]} 1. c4 g6 2. Nc3 c5 3. g3 Bg7 4. Bg2 Nc6 5. Nf3
d6 6. O-O Bf5 {6...e6 is the recent fashion.} 7. h3 {A37: Symmetrical English
vs ...g6: 4 Bg2 Bg7 5 Nf3.} Qd7 8. Kh2 e5 9. d3 {The position is equal.} Nge7
10. e4 Be6 11. Ng5 {[#]} h6 $146 ({Predecessor:} 11... O-O 12. Nxe6 Qxe6 13.
Nd5 Qd7 14. h4 Nxd5 15. cxd5 Nd4 16. Bh3 Qe7 17. f4 f5 18. fxe5 Bxe5 19. Bg5
Bf6 20. Bh6 Bg7 21. Bg5 Bf6 22. Bh6 Bg7 23. Bg5 {1/2-1/2 (23) Pajuelo Morales,
R (2005)-Fernandez Rios,J (1741) Madrid 2018}) 12. Nxe6 fxe6 13. h4 Nd4 14. Ne2
Nxe2 15. Qxe2 Nc6 16. Be3 g5 ({Black should try} 16... h5 $11) 17. hxg5 $14
hxg5+ 18. Bh3 $1 Bf6 19. Kg2 Qe7 20. Rh1 Kd7 21. a3 a5 22. Rab1 Kc7 23. Qg4
Rhe8 24. Bd2 Qf7 25. b3 ({Inferior is} 25. Bxg5 Rg8 $17) 25... Nd4 26. Bc3 Nc6
27. Rb2 (27. Qe2 $142) 27... Bd8 28. Qf3 (28. Qe2 $16) 28... Qg7 ({Black
should play} 28... Qxf3+ $14 29. Kxf3 Kd7) 29. Bg4 $16 Kd7 30. Rbb1 b6 {
A mistake that costs the game.} (30... Bc7 $16) 31. Rh5 $18 Ra7 32. Rbh1 {
Strongly threatening Rh7.} Kc8 33. Rh6 Rae7 34. Rh7 Qxh7 {[#]} 35. Bxe6+ {
[%mdl 512]} Kc7 (35... Kb7 $142 36. Rxh7 Rxh7) 36. Rxh7 Rxh7 {[#]} 37. Bg4 Ree7
(37... Kb7 $142 38. Qf5 Rc7) 38. Qf5 {[%csl Gg4][%cal Rf5c8]} Na7 39. b4 (39.
Qxg5 Rhg7 $16) 39... axb4 40. axb4 Rhf7 41. Qg6 ({Not} 41. Qxg5 Rg7 $16) 41...
Rg7 42. Qh6 {aiming for bxc5.} Nc6 43. bxc5 bxc5 44. Bf5 g4 (44... Rgf7 $142
45. Qxg5 Re8) 45. Bd2 Rg8 46. Be6 Rgg7 47. Bd5 Rd7 (47... Rh7 $142) 48. Qh1 {
White is clearly winning.} Bg5 {[#]} 49. Bc3 Rd8 50. Qa1 {Qa6 is the strong
threat.} Rc8 51. Qa6 {Weighted Error Value: White=0.10/Black=0.36} 1-0